01731nam a22002417a 4500008004100000020001800041040000800059041000800067100003500075245004800110260003900158300002400197520094600221650003001167650003701197650003501234650004401269655003301313655002701346942000801373952009301381999001501474251014b |||||||| |||| 00| 0 eng d a9781668062838 ctbs aeng aBarnes, Camilla926168eauthor aThe usual desire to killc/ Camilla Barnes. aNew York, NY : bScribner, c2025. a249 pages ;c22 cm. aMiranda’s parents live in a dilapidated house in rural France that they share with two llamas, eight ducks, five chickens, two cats, and a freezer full of decades-old food. Miranda’s father is a retired professor of philosophy who never loses an argument. Miranda’s mother likes to bring conversation back to “the War,” although she was born after it ended. Married for fifty years, they are uncommonly set in their ways. Miranda plays the role of translator when she visits, communicating the desires or complaints of one parent to the other and then venting her frustration to her sister and her daughter. At the end of a visit, she reports “the usual desire to kill.” This wry, propulsive story about an eccentric yet endearing family and the sibling rivalry, generational divides, and long-buried secrets that shape them, is a glorious debut novel from a seasoned playwright with immense empathy and a flair for dialogue. 0aFamilies vFiction922172 0aParent and childvFiction924093 0aFamily secretsvFiction923679 0aInterpersonal relationsvFiction924021 0aPsychological fiction922456 0aRomance fiction922778 2lcc 00102lcc4070aTBSbTBSd2025-10-14l0oP-EN BARpB07692r2025-10-14t1w2025-10-14y1 c5049d5049